[Event "Faergen Cup 2013"]
[Site "Allinge DEN"]
[Date "2013.09.10"]
[Round "4.5"]
[White "Hvenekilde, J."]
[Black "Nyberg, U."]
[Result "0-1"]
[WhiteElo "2120"]
[BlackElo "2130"]
[PlyCount "81"]
[EventDate "2013.??.??"]

1. e4 c5 2. Nf3 Nc6 3. d4 cxd4 4. Nxd4 Nf6 5. Nc3 d6 6. Be2 e5 7. Nb3 Be7 8. g4
h6 9. Be3 Be6 10. Bf3 a5 11. Nd5 O-O 12. h4 a4 13. Nd2 Nd7 14. g5 hxg5 15. hxg5
Bxg5 16. Bg2 Bxe3 17. Nxe3 g6 18. c3 b5 19. Qf3 Qf6 20. Nf5 gxf5 21. exf5 d5
22. Qg3+ Qg7 23. Qh3 Bxf5 24. Qxf5 Nb6 25. O-O-O Ne7 26. Qh5 a3 27. Rdg1 axb2+
28. Kb1 Ng6 29. Ne4 Nd7 30. Bh3 Rfd8 31. Be6 Ndf8 32. Ng5 Ra7 33. Nxf7 Rxf7 34.
Bxf7+ Kxf7 35. Rg3 Rd6 36. Qe2 Qf6 37. Kxb2 e4 38. Qe3 b4 39. Kc1 Rc6 40. Qd2
d4 41. Qe2 0-1

[Event "Faergen Cup 2013"]
[Site "Allinge DEN"]
[Date "2013.09.08"]
[Round "2.9"]
[White "Bjorgvik, J."]
[Black "Nyberg, U."]
[Result "0-1"]
[WhiteElo "1840"]
[BlackElo "2130"]
[PlyCount "128"]
[EventDate "2013.??.??"]

1. e4 c5 2. Nf3 Nc6 3. d4 cxd4 4. Nxd4 Nf6 5. Nc3 d6 6. Be2 e5 7. Nxc6 bxc6 8.
O-O Be7 9. Be3 O-O 10. h3 Be6 11. Bf3 d5 12. exd5 cxd5 13. Bg5 e4 14. Bg4 Nxg4
15. Bxe7 Qxe7 16. hxg4 Qg5 17. f3 exf3 18. gxf3 Rad8 19. Qd4 h5 20. Rf2 hxg4
21. fxg4 Qxg4+ 22. Qxg4 Bxg4 23. Rf4 Be6 24. Ra4 Rd7 25. Re1 Rb8 26. Nd1 Rc8
27. Re2 Rc4 28. Rxc4 dxc4 29. Ne3 f6 30. Rf2 Kf7 31. b3 Rd4 32. c3 Rd3 33. Nxc4
Rxc3 34. Nd6+ Ke7 35. Nb5 Rc1+ 36. Rf1 Rxf1+ 37. Kxf1 Bd7 38. Nc3 Kd6 39. Ke2
Kc5 40. Ke3 Bf5 41. Ne2 Kb4 42. Nd4 Bd7 43. Ne2 a5 44. Nf4 Ka3 45. Nh5 Kxa2 46.
Nxg7 Kxb3 47. Nh5 a4 48. Nxf6 a3 49. Ne4 a2 50. Nc5+ Ka3 51. Nxd7 a1=Q 52. Ke4
Kb4 53. Ne5 Kc5 54. Nd3+ Kd6 55. Nf4 Qe5+ 56. Kf3 Qf5 57. Ke3 Kc5 58. Nd3+ Kc4
59. Nb2+ Kd5 60. Nd3 Qh3+ 61. Ke2 Kd4 62. Ne1 Ke4 63. Kd2 Qe3+ 64. Kd1 Qf2 0-1

[Event "SRB-chT (Women)"]
[Site "Kragujevac"]
[Date "2013.09.03"]
[Round "11.1"]
[White "Milanovic, Maja"]
[Black "Stojanovic, Andjelija"]
[Result "1-0"]
[WhiteElo "1953"]
[BlackElo "2303"]
[PlyCount "103"]
[EventDate "2013.08.24"]
[EventType "team-tourn"]
[EventRounds "11"]
[EventCountry "SRB"]
[SourceTitle "OM OTB B 201907"]
[Source "Opening Master"]
[SourceDate "2019.07.06"]
[SourceVersion "2"]
[SourceVersionDate "2019.07.06"]
[SourceQuality "1"]

1. e4 c5 2. Nf3 Nc6 3. d4 cxd4 4. Nxd4 Nf6 5. Nc3 d6 6. Be2 e5 7. Nf3 h6 8. O-O
Be7 9. Re1 O-O 10. h3 Be6 11. Bf1 Nb8 12. Nd5 Nxd5 13. exd5 Bf5 14. Bd3 Bxd3
15. Qxd3 Nd7 16. Bd2 Rc8 17. c4 Nc5 18. Qa3 Bf6 19. Bc3 Qc7 20. b3 b6 21. Rad1
Qd7 22. Qb2 Qf5 23. Qd2 Rfe8 24. Qe3 Kh7 25. Bb4 Nb7 26. Qe4 Qxe4 27. Rxe4 Be7
28. Rde1 a5 29. Ba3 f5 30. R4e2 Bf8 31. Nd4 Kg6 32. f4 e4 33. g4 fxg4 34. hxg4
Nc5 35. Bxc5 bxc5 36. Ne6 Be7 37. Rxe4 Bh4 38. R1e2 Kf7 39. Kg2 Bf6 40. g5 hxg5
41. Nxg5+ Bxg5 42. Rxe8 Rxe8 43. Rxe8 Kxe8 44. fxg5 Ke7 45. Kf3 Kf7 46. Kf4 Ke7
47. Ke4 Kf8 48. Kf5 Kf7 49. a3 Ke7 50. Kg6 Kf8 51. Kh7 Kf7 52. g6+ 1-0

[Event "Hum na Sutli op"]
[Site "Hum na Sutli"]
[Date "2013.09.01"]
[Round "3"]
[White "Stocko, Josip"]
[Black "Martinovic, Sasa"]
[Result "1/2-1/2"]
[WhiteElo "2236"]
[BlackElo "2524"]
[PlyCount "64"]
[EventDate "2013.08.30"]
[EventType "swiss"]
[EventRounds "9"]
[EventCountry "CRO"]
[SourceTitle "OM OTB B 201907"]
[Source "Opening Master"]
[SourceDate "2019.07.06"]
[SourceVersion "2"]
[SourceVersionDate "2019.07.06"]
[SourceQuality "1"]

1. e4 c5 2. Ne2 Nc6 3. d4 cxd4 4. Nxd4 Nf6 5. Nc3 d6 6. Be2 e5 7. Nf3 h6 8. O-O
Be7 9. h3 O-O 10. Re1 Be6 11. Bf1 Qd7 12. b3 Bd8 13. Ba3 Ba5 14. Bb2 d5 15.
Nxd5 Nxd5 16. exd5 Qxd5 17. c4 Qc5 18. Re3 Rfd8 19. Qb1 Bb6 20. Nxe5 Rd2 21.
Nd3 Qg5 22. c5 Bxc5 23. Nxc5 Qxc5 24. Bc3 Rd7 25. Qb2 Nd4 26. b4 Qb6 27. Rd3
Rad8 28. Rad1 Nf5 29. Rxd7 Rxd7 30. Rxd7 Bxd7 31. Bd3 f6 32. Bxf5 Bxf5 1/2-1/2

[Event "Trieste op 15th"]
[Site "Trieste"]
[Date "2013.09.01"]
[Round "2"]
[White "Cherin, Diego"]
[Black "Oparin, Grigoriy"]
[Result "0-1"]
[WhiteElo "2239"]
[BlackElo "2504"]
[PlyCount "88"]
[EventDate "2013.08.31"]
[EventType "swiss"]
[EventRounds "9"]
[EventCountry "ITA"]
[SourceTitle "OM OTB B 201907"]
[Source "Opening Master"]
[SourceDate "2019.07.06"]
[SourceVersion "2"]
[SourceVersionDate "2019.07.06"]
[SourceQuality "1"]

1. e4 c5 2. Nf3 d6 3. d4 cxd4 4. Nxd4 Nf6 5. Nc3 Nc6 6. Be2 e5 7. Nb3 Be7 8.
O-O O-O 9. Bg5 Nxe4 10. Nxe4 Bxg5 11. Qxd6 Be7 12. Qxd8 Rxd8 13. Rfd1 Bf5 14.
f3 Nb4 15. c3 Nc2 16. Rac1 Ne3 17. Rxd8+ Bxd8 18. c4 Bd7 19. Nd6 Bc6 20. Kf2
Bg5 21. Rc3 Rd8 22. Ne4 Ng4+ 23. fxg4 Bxe4 24. Bf3 Bc6 25. Bxc6 bxc6 26. Kf3 g6
27. Ke4 f6 28. c5 Kf7 29. Rc4 Ke6 30. Ra4 Rd7 31. Kf3 Kd5 32. Ke2 h5 33. gxh5
gxh5 34. g3 f5 35. Rb4 Rh7 36. Rb8 h4 37. Ra8 hxg3 38. hxg3 Rh2+ 39. Kd3 e4+
40. Kc3 Bf6+ 41. Kb4 Rxb2 42. Rf8 Ke6 43. Rc8 Kd7 44. Rf8 e3 0-1

[Event "SRB-chT (Women)"]
[Site "Kragujevac"]
[Date "2013.08.27"]
[Round "4.5"]
[White "Velikic, Adela"]
[Black "Zecevic, Snezana"]
[Result "1-0"]
[WhiteElo "1999"]
[BlackElo "1827"]
[PlyCount "59"]
[EventDate "2013.08.24"]
[EventType "team-tourn"]
[EventRounds "11"]
[EventCountry "SRB"]
[SourceTitle "OM OTB B 201907"]
[Source "Opening Master"]
[SourceDate "2019.07.06"]
[SourceVersion "2"]
[SourceVersionDate "2019.07.06"]
[SourceQuality "1"]

1. e4 c5 2. Nf3 Nc6 3. d4 cxd4 4. Nxd4 Nf6 5. Nc3 d6 6. Be2 e5 7. Nf3 Be7 8.
Bg5 Be6 9. O-O O-O 10. Qd2 Qd7 11. Rfd1 Rad8 12. Bxf6 Bxf6 13. Qe3 Nd4 14. Qd3
Nxf3+ 15. Bxf3 a6 16. h3 Bg5 17. Qe2 g6 18. a4 Qc6 19. a5 Bc4 20. Qe1 Qc8 21.
Ra4 Be6 22. Qe2 Kg7 23. Rb4 Rd7 24. Rb6 Qc5 25. Na4 Qxa5 26. b3 Rfd8 27. c3 Be7
28. Qc2 Bxb3 29. Qxb3 Rc7 30. Rd5 1-0

[Event "Brasschaat op"]
[Site "Brasschaat"]
[Date "2013.08.23"]
[Round "7"]
[White "Gergacz, Attila"]
[Black "Roggeveen, Pieter"]
[Result "1/2-1/2"]
[WhiteElo "2370"]
[BlackElo "2200"]
[PlyCount "149"]
[EventDate "2013.08.17"]
[EventType "swiss"]
[EventRounds "9"]
[EventCountry "BEL"]
[SourceTitle "OM OTB B 201907"]
[Source "Opening Master"]
[SourceDate "2019.07.06"]
[SourceVersion "2"]
[SourceVersionDate "2019.07.06"]
[SourceQuality "1"]

1. e4 c5 2. Nf3 Nc6 3. d4 cxd4 4. Nxd4 Nf6 5. Nc3 d6 6. Be2 e5 7. Nb3 Be7 8.
O-O O-O 9. Bf3 h6 10. Be3 Be6 11. Nd5 Nh7 12. Qd3 Qd7 13. Rfd1 Rad8 14. c4 Ng5
15. Bxg5 Bxg5 16. Qc3 Qc8 17. Rd3 Ne7 18. Qb4 Rfe8 19. g3 Nc6 20. Qa3 Rd7 21.
Rad1 b6 22. Qa4 Red8 23. h4 Be7 24. Ne3 g6 25. h5 Bg5 26. Nd5 Kg7 27. Bg2 Ne7
28. Qb4 gxh5 29. Qc3 Bxd5 30. exd5 Rc7 31. c5 bxc5 32. Qc4 Qg4 33. Na5 Qxc4 34.
Nxc4 Nf5 35. Bf3 h4 36. g4 Nd4 37. Be4 Rb7 38. Ra3 Kf8 39. Kg2 Ke7 40. Nxe5 Kf8
41. Nc4 Re7 42. Bd3 Kg7 43. Ra6 Red7 44. Re1 Be7 45. Re3 Rb8 46. Bf1 Kf8 47.
Bd3 Rb4 48. b3 Rb8 49. f4 Kg7 50. Kh3 Rh8 51. Na5 Rb8 52. Nc4 Rbd8 53. Re4 Rb8
54. Ra5 Kf8 55. Ra6 Kg7 56. Re3 Kf8 57. Re1 Kg7 58. Ne3 Rb6 59. Ra5 Rb4 60. Bc4
Rb8 61. Ng2 Re8 62. Bb5 Nxb5 63. Rxb5 Kf8 64. Re4 Bf6 65. Rxe8+ Kxe8 66. Rb8+
Rd8 67. Rxd8+ Bxd8 68. Nxh4 Bxh4 69. Kxh4 Kf8 70. g5 Kg7 71. Kh5 hxg5 72. Kxg5
f6+ 73. Kf5 Kf7 74. a4 a5 75. Kg4 1/2-1/2

[Event "Berlin Lichtenberger op 12th"]
[Site "Berlin"]
[Date "2013.08.22"]
[Round "6"]
[White "Kohlmeyer, Dagobert"]
[Black "Richter, Goetz"]
[Result "0-1"]
[WhiteElo "1892"]
[BlackElo "2003"]
[PlyCount "80"]
[EventDate "2013.08.17"]
[EventType "swiss"]
[EventRounds "9"]
[EventCountry "GER"]
[SourceTitle "OM OTB B 201907"]
[Source "Opening Master"]
[SourceDate "2019.07.06"]
[SourceVersion "2"]
[SourceVersionDate "2019.07.06"]
[SourceQuality "1"]

1. e4 c5 2. Nf3 Nc6 3. d4 cxd4 4. Nxd4 Nf6 5. Nc3 d6 6. Be2 e5 7. Nf3 h6 8. O-O
Be7 9. h3 O-O 10. Be3 a6 11. Bc4 b5 12. Bd5 Bd7 13. a3 Rc8 14. Qe2 Na5 15. Nd2
Qc7 16. Rfc1 Bc6 17. Qf3 Bxd5 18. Nxd5 Nxd5 19. exd5 f5 20. g3 Qb7 21. b4 Nc4
22. Nxc4 Rxc4 23. c3 e4 24. Qd1 Bf6 25. Bf4 Qc7 26. Bd2 Rc8 27. Ra2 Qf7 28. Bf4
Qe7 29. Qh5 Bg5 30. Rac2 Qf6 31. Bxg5 hxg5 32. Qe2 g6 33. Qd2 f4 34. g4 Kg7 35.
f3 Qe5 36. Kg2 Kf6 37. fxe4 Rxe4 38. Rf1 Re3 39. Rf2 Qe4+ 40. Kh2 Rxh3+ 0-1

[Event "Novokuznetsk op"]
[Site "Novokuznetsk"]
[Date "2013.08.19"]
[Round "9"]
[White "Derbin, Alexey"]
[Black "Sukiasyan, Artem"]
[Result "1/2-1/2"]
[WhiteElo "1966"]
[BlackElo "1946"]
[PlyCount "32"]
[EventDate "2013.08.11"]
[EventType "swiss"]
[EventRounds "9"]
[EventCountry "RUS"]
[SourceTitle "OM OTB B 201907"]
[Source "Opening Master"]
[SourceDate "2019.07.06"]
[SourceVersion "2"]
[SourceVersionDate "2019.07.06"]
[SourceQuality "1"]

1. e4 c5 2. Nf3 Nc6 3. d4 cxd4 4. Nxd4 Nf6 5. Nc3 d6 6. Be2 e5 7. Nb3 Be7 8.
O-O O-O 9. Be3 a6 10. f3 b5 11. Qd2 Bb7 12. Rad1 Qc7 13. Kh1 Rfd8 14. Rfe1 Rac8
15. Nd5 Nxd5 16. exd5 Nb8 1/2-1/2

[Event "SRB-ch U20 Girls"]
[Site "Donji Milanovac"]
[Date "2013.08.19"]
[Round "7"]
[White "Korbovljanovic, Natasa"]
[Black "Velikic, Adela"]
[Result "1/2-1/2"]
[WhiteElo "1895"]
[BlackElo "1999"]
[PlyCount "46"]
[EventDate "2013.08.15"]
[EventType "tourn"]
[EventRounds "9"]
[EventCountry "SRB"]
[SourceTitle "OM OTB B 201907"]
[Source "Opening Master"]
[SourceDate "2019.07.06"]
[SourceVersion "2"]
[SourceVersionDate "2019.07.06"]
[SourceQuality "1"]

1. e4 c5 2. d4 cxd4 3. Nf3 Nc6 4. Nxd4 Nf6 5. Nc3 d6 6. Be2 e5 7. Nb3 Be7 8.
O-O O-O 9. f4 b5 10. Bf3 Qb6+ 11. Kh1 Bb7 12. Re1 a6 13. Nd5 Qd8 14. Nxe7+ Qxe7
15. f5 Nd7 16. Qe2 Nc5 17. Be3 Rac8 18. c3 Rfd8 19. Nxc5 dxc5 20. Qf2 Na5 21.
Rad1 Nc4 22. Bxc5 Qg5 23. b4 h6 1/2-1/2

[Event "Stare Mesto op"]
[Site "Stare Mesto"]
[Date "2013.08.17"]
[Round "10"]
[White "Kapusta, Petr"]
[Black "Jasny, Stanislav"]
[Result "0-1"]
[WhiteElo "2139"]
[BlackElo "2311"]
[PlyCount "88"]
[EventDate "2013.08.09"]
[EventType "swiss"]
[EventRounds "10"]
[EventCountry "CZE"]
[SourceTitle "OM OTB B 201907"]
[Source "Opening Master"]
[SourceDate "2019.07.06"]
[SourceVersion "2"]
[SourceVersionDate "2019.07.06"]
[SourceQuality "1"]

1. e4 c5 2. Nf3 d6 3. d4 cxd4 4. Nxd4 Nf6 5. Nc3 Nc6 6. Be2 e5 7. Nb3 Be7 8.
O-O O-O 9. Kh1 a5 10. a4 Nb4 11. f4 b6 12. Be3 Bb7 13. Bd3 Qc7 14. Nd2 d5 15.
Nb5 Qc6 16. fxe5 Nxe4 17. Nd4 Qg6 18. Rf3 Qh5 19. Nf5 Bc5 20. Bxc5 bxc5 21.
Nxg7 Qxe5 22. Nf5 Rad8 23. Nh6+ Kg7 24. Rf5 Nxd3 25. cxd3 Nf2+ 26. Rxf2 Kxh6
27. Nf3 Qf4 28. Qb3 Qb4 29. Qc2 f6 30. d4 cxd4 31. Nh4 Bc8 32. Raf1 Rde8 33.
Qc6 Be6 34. Nf5+ Bxf5 35. Rxf5 Qe7 36. Qxd5 Rd8 37. Qf3 Kg7 38. Rxa5 d3 39. Rd5
Rxd5 40. Qxd5 Qe2 41. Qd7+ Rf7 42. Qf5 d2 43. Qb1 Qxf1+ 44. Qxf1 Rc7 0-1

[Event "Stare Mesto op"]
[Site "Stare Mesto"]
[Date "2013.08.13"]
[Round "6"]
[White "Kapusta, Petr"]
[Black "Svoboda, Matej"]
[Result "1-0"]
[WhiteElo "2139"]
[BlackElo "1957"]
[PlyCount "41"]
[EventDate "2013.08.09"]
[EventType "swiss"]
[EventRounds "10"]
[EventCountry "CZE"]
[SourceTitle "OM OTB B 201907"]
[Source "Opening Master"]
[SourceDate "2019.07.06"]
[SourceVersion "2"]
[SourceVersionDate "2019.07.06"]
[SourceQuality "1"]

1. e4 c5 2. Nf3 Nc6 3. d4 cxd4 4. Nxd4 Nf6 5. Nc3 d6 6. Be2 e5 7. Nb3 Be7 8.
O-O O-O 9. Kh1 a6 10. a4 Be6 11. f4 exf4 12. Bxf4 Rc8 13. Qe1 Qb6 14. a5 Nxa5
15. Nxa5 Qxb2 16. Nd5 Bxd5 17. exd5 Nxd5 18. Bd3 Nxf4 19. Rxf4 Bf6 20. Rb1 Rce8
21. Qf1 1-0

[Event "Novokuznetsk op"]
[Site "Novokuznetsk"]
[Date "2013.08.13"]
[Round "3"]
[White "Lomantsov, Evgenij"]
[Black "Sukiasyan, Artem"]
[Result "1-0"]
[WhiteElo "2292"]
[BlackElo "1946"]
[PlyCount "57"]
[EventDate "2013.08.11"]
[EventType "swiss"]
[EventRounds "9"]
[EventCountry "RUS"]
[SourceTitle "OM OTB B 201907"]
[Source "Opening Master"]
[SourceDate "2019.07.06"]
[SourceVersion "2"]
[SourceVersionDate "2019.07.06"]
[SourceQuality "1"]

1. e4 c5 2. Nf3 Nc6 3. d4 cxd4 4. Nxd4 Nf6 5. Nc3 d6 6. Be2 e5 7. Nb3 Be7 8.
Bf3 O-O 9. Be3 Nb8 10. g4 Be6 11. Rg1 Na6 12. g5 Nd7 13. h4 Nb6 14. h5 d5 15.
exd5 Bf5 16. Bg4 Bxg4 17. Qxg4 Nxd5 18. g6 Bf6 19. gxh7+ Kh8 20. O-O-O Nxe3 21.
fxe3 Qc8 22. Qe4 Nc7 23. Qf3 b6 24. Ne4 Ne8 25. h6 Qb7 26. Rdf1 Qc6 27. Nxf6
Qxf3 28. hxg7+ Nxg7 29. Rxf3 1-0

[Event "FRA-ch op-B"]
[Site "Nancy"]
[Date "2013.08.13"]
[Round "2"]
[White "Duhamel, Benoit"]
[Black "Rost, Pierre"]
[Result "1-0"]
[WhiteElo "1942"]
[BlackElo "1828"]
[PlyCount "67"]
[EventDate "2013.08.11"]
[EventType "swiss"]
[EventRounds "11"]
[EventCountry "FRA"]
[SourceTitle "OM OTB B 201907"]
[Source "Opening Master"]
[SourceDate "2019.07.06"]
[SourceVersion "2"]
[SourceVersionDate "2019.07.06"]
[SourceQuality "1"]

1. e4 c5 2. Nf3 d6 3. d4 cxd4 4. Nxd4 Nf6 5. Nc3 Nc6 6. Be2 e5 7. Nb3 Be7 8.
Be3 O-O 9. Qd2 a5 10. Rd1 Be6 11. O-O h6 12. Kh1 a4 13. Nc1 a3 14. b3 Nb4 15.
Nd3 Nc6 16. Nc1 Nb4 17. Nd3 Nc6 18. f3 d5 19. exd5 Nxd5 20. Nxd5 Bxd5 21. Nxe5
Nxe5 22. Qxd5 Nc6 23. Qe4 Qc8 24. Bb5 Bf6 25. Bd3 g6 26. Bxh6 Re8 27. Qf4 Qe6
28. Bc4 Qe5 29. Qg4 Qh5 30. Qxh5 gxh5 31. g4 Kh7 32. g5 Bb2 33. Rd7 Re7 34.
Rfd1 1-0

[Event "Novokuznetsk op"]
[Site "Novokuznetsk"]
[Date "2013.08.12"]
[Round "2"]
[White "Chernyh, Pavel"]
[Black "Sergeev, Albert"]
[Result "0-1"]
[WhiteElo "1870"]
[BlackElo "2335"]
[PlyCount "68"]
[EventDate "2013.08.11"]
[EventType "swiss"]
[EventRounds "9"]
[EventCountry "RUS"]
[SourceTitle "OM OTB B 201907"]
[Source "Opening Master"]
[SourceDate "2019.07.06"]
[SourceVersion "2"]
[SourceVersionDate "2019.07.06"]
[SourceQuality "1"]

1. e4 c5 2. Nf3 Nc6 3. d4 cxd4 4. Nxd4 Nf6 5. Nc3 d6 6. Be2 e5 7. Ndb5 a6 8.
Na3 b5 9. Nd5 Nxe4 10. Be3 Rb8 11. O-O Ne7 12. Nb4 d5 13. c3 Qd6 14. Nac2 a5
15. Nd3 Nf5 16. Bc1 Nc5 17. Nde1 Be7 18. f4 e4 19. g4 Nh4 20. Ne3 O-O 21. Nxd5
Rd8 22. Ne3 Nd3 23. Bxd3 exd3 24. Bd2 Bb7 25. h3 Qc6 26. Kh2 Bc5 27. Kg3 Re8
28. Kxh4 Bxe3 29. Kg3 g5 30. fxg5 h6 31. gxh6 Qd6+ 32. Kh4 Qxh6+ 33. Kg3 Bxd2
34. Nxd3 Re3+ 0-1

[Event "Stare Mesto op"]
[Site "Stare Mesto"]
[Date "2013.08.09"]
[Round "1"]
[White "Ocko, Martin"]
[Black "Rabatin, Jakub"]
[Result "0-1"]
[WhiteElo "1732"]
[BlackElo "2237"]
[PlyCount "42"]
[EventDate "2013.08.09"]
[EventType "swiss"]
[EventRounds "10"]
[EventCountry "CZE"]
[SourceTitle "OM OTB B 201907"]
[Source "Opening Master"]
[SourceDate "2019.07.06"]
[SourceVersion "2"]
[SourceVersionDate "2019.07.06"]
[SourceQuality "1"]

1. e4 c5 2. Nf3 Nc6 3. d4 cxd4 4. Nxd4 Nf6 5. Nc3 d6 6. Be2 e5 7. Nb3 a5 8. a4
Be7 9. Be3 Be6 10. O-O O-O 11. Bf3 Nb4 12. Bg5 Rc8 13. Rc1 h6 14. Bxf6 Bxf6 15.
Nd5 Bxd5 16. exd5 Bg5 17. Nd2 f5 18. c3 Nd3 19. Rb1 e4 20. Be2 Nxf2 21. Qc2 Qb6
0-1

[Event "EU Union-ch U11 11th"]
[Site "Mureck"]
[Date "2013.08.08"]
[Round "9"]
[White "Urh, Zala"]
[Black "Baenziger, Fabian"]
[Result "0-1"]
[WhiteElo "1508"]
[BlackElo "1667"]
[PlyCount "78"]
[EventDate "2013.07.31"]
[EventType "swiss"]
[EventRounds "9"]
[EventCountry "AUT"]
[SourceTitle "OM OTB B 201907"]
[Source "Opening Master"]
[SourceDate "2019.07.06"]
[SourceVersion "2"]
[SourceVersionDate "2019.07.06"]
[SourceQuality "1"]

1. e4 c5 2. Nf3 d6 3. d4 cxd4 4. Nxd4 Nf6 5. Nc3 Nc6 6. Be2 e5 7. Nb3 Be7 8.
O-O O-O 9. Be3 Be6 10. h3 Qd7 11. Qd2 Rfd8 12. Rfd1 Rac8 13. Nd5 Nxe4 14. Nxe7+
Qxe7 15. Qd3 Bf5 16. Bf3 Nb4 17. Qe2 Rxc2 18. Qe1 Nc6 19. Bb6 axb6 20. Bxe4
Bxe4 21. Qxe4 Rxb2 22. Qe3 Qf6 23. Qxb6 Nd4 24. Rf1 Qe7 25. Rfb1 Rxb1+ 26. Rxb1
Nxb3 27. Rxb3 Rd7 28. a4 g6 29. a5 d5 30. Rd3 Qd6 31. Qb5 d4 32. f3 f5 33. Rd1
e4 34. fxe4 fxe4 35. Rc1 d3 36. Rc8+ Kg7 37. Re8 d2 38. Rxe4 d1=Q+ 39. Kf2 Rf7+
0-1

[Event "Senica op 5th"]
[Site "Senica"]
[Date "2013.08.07"]
[Round "7"]
[White "Ocko, Martin"]
[Black "Jozefek, Michal"]
[Result "0-1"]
[WhiteElo "1732"]
[BlackElo "2202"]
[PlyCount "112"]
[EventDate "2013.08.03"]
[EventType "swiss"]
[EventRounds "9"]
[EventCountry "SVK"]
[SourceTitle "OM OTB B 201907"]
[Source "Opening Master"]
[SourceDate "2019.07.06"]
[SourceVersion "2"]
[SourceVersionDate "2019.07.06"]
[SourceQuality "1"]

1. e4 c5 2. Nf3 d6 3. d4 cxd4 4. Nxd4 Nf6 5. Nc3 Nc6 6. Be2 e5 7. Nb3 Be7 8.
Be3 O-O 9. O-O a6 10. a4 b6 11. Nd5 Nxd5 12. exd5 Nb8 13. Nd2 Bb7 14. Nc4 Nd7
15. a5 b5 16. Nb6 Nxb6 17. Bxb6 Qd7 18. c4 bxc4 19. Bxc4 f5 20. b4 Bd8 21. Qe2
Qf7 22. Rfd1 Kh8 23. Rac1 Bg5 24. Ra1 Rfc8 25. b5 axb5 26. Bxb5 Bxd5 27. Qd3
Bb3 28. a6 Bxd1 29. Rxd1 Bd8 30. Bxd8 Rxd8 31. Bc6 Ra7 32. Qb5 Qc7 33. Rb1 Rf8
34. Kf1 g6 35. Bb7 Rb8 36. Qd3 Kg7 37. Ke2 Kf6 38. Rb2 Ke7 39. Rc2 Rbxb7 40.
Rxc7+ Rxc7 41. Qa3 Ra8 42. Qh3 Rca7 43. Qxh7+ Kf6 44. Qh4+ Kg7 45. g3 Rb8 46.
Kf1 Rb6 47. Qd8 Rbxa6 48. Ke2 f4 49. g4 e4 50. h4 f3+ 51. Kf1 e3 52. fxe3 Rf7
53. Kf2 Ra2+ 54. Kg3 f2 55. Qxd6 f1=Q 56. Qxg6+ Kh8 0-1

[Event "FICS unrated standard game"]
[Site "FICS freechess.org"]
[Date "2013.08.04"]
[Round "?"]
[White "MartinDvorak"]
[Black "IMJasny"]
[Result "1/2-1/2"]
[WhiteElo "2179"]
[BlackElo "2290"]
[PlyCount "84"]
[EventDate "2013.??.??"]

1. e4 c5 2. Nf3 d6 3. d4 cxd4 4. Nxd4 Nf6 5. Nc3 Nc6 6. Be2 e5 7. Nb3 Be7 8.
Be3 O-O 9. f3 a5 10. O-O a4 11. Nd2 a3 12. b3 Rb8 13. Nd5 Nxd5 14. exd5 Nb4 15.
Nc4 Bf5 16. Nxa3 Qa5 17. c3 Qxa3 18. cxb4 Qxb4 19. Qd2 Qxd2 20. Bxd2 Rfc8 21.
Rfc1 Rc5 22. Rxc5 dxc5 23. a4 Bd6 24. Rc1 Kf8 25. Kf2 Bd7 26. g4 Ke7 27. Bd3 h6
28. h4 Rh8 29. h5 Rc8 30. Be3 b6 31. g5 hxg5 32. Bxg5+ f6 33. Bd2 Rh8 34. Rg1
Kf8 35. Bg6 Be7 36. a5 bxa5 37. Bxa5 Bd6 38. Bd2 Ke7 39. Ra1 Rc8 40. Ra7 Rc7
41. Ra8 Rc8 42. Ra7 Rc7 1/2-1/2

[Event "Tabor op"]
[Site "Tabor"]
[Date "2013.08.03"]
[Round "8"]
[White "Lacina, Adolf"]
[Black "Miesbauer, Jan"]
[Result "1-0"]
[WhiteElo "2214"]
[BlackElo "1923"]
[PlyCount "83"]
[EventDate "2013.07.28"]
[EventType "swiss"]
[EventRounds "9"]
[EventCountry "CZE"]
[SourceTitle "OM OTB B 201907"]
[Source "Opening Master"]
[SourceDate "2019.07.06"]
[SourceVersion "2"]
[SourceVersionDate "2019.07.06"]
[SourceQuality "1"]

1. e4 c5 2. Nf3 d6 3. d4 cxd4 4. Nxd4 Nf6 5. Nc3 Nc6 6. Be2 e5 7. Nb3 Be7 8.
O-O Be6 9. Bf3 h6 10. Re1 O-O 11. Be3 a6 12. Nd5 Rc8 13. Nb6 Rb8 14. c3 Re8 15.
a4 a5 16. h3 Qc7 17. Nd2 Bf8 18. Qe2 Ne7 19. Qd3 Ng6 20. Red1 Red8 21. Qb5 Nh4
22. Nd5 Nxd5 23. exd5 Bd7 24. Bb6 Qc8 25. Qxa5 Re8 26. Qb4 Ng6 27. Ne4 Ra8 28.
Be2 Nf4 29. Bf1 f5 30. Ng3 Be7 31. a5 Rf8 32. Bb5 e4 33. Ne2 Nxe2+ 34. Bxe2 Qe8
35. f4 exf3 36. Bxf3 Qg6 37. Kh2 Rae8 38. Re1 Bf6 39. Bf2 Be5+ 40. Kh1 Bc8 41.
Qh4 f4 42. Bh5 1-0

[Event "Dortmund Sparkassen op-A"]
[Site "Dortmund"]
[Date "2013.08.03"]
[Round "8"]
[White "Plassmann, Dominik"]
[Black "Zolfagharian, Kevin"]
[Result "1/2-1/2"]
[WhiteElo "2078"]
[BlackElo "2010"]
[PlyCount "62"]
[EventDate "2013.07.27"]
[EventType "swiss"]
[EventRounds "9"]
[EventCountry "GER"]
[SourceTitle "OM OTB B 201907"]
[Source "Opening Master"]
[SourceDate "2019.07.06"]
[SourceVersion "2"]
[SourceVersionDate "2019.07.06"]
[SourceQuality "1"]

1. e4 c5 2. Nf3 Nc6 3. d4 cxd4 4. Nxd4 Nf6 5. Nc3 d6 6. Be2 e5 7. Nb3 Be6 8.
O-O d5 9. exd5 Nxd5 10. Nxd5 Bxd5 11. f4 Qb6+ 12. Kh1 O-O-O 13. Bg4+ Kb8 14.
Qe2 h5 15. Bh3 Bd6 16. c4 Qa6 17. Nd2 exf4 18. b3 Be5 19. Rb1 f6 20. Qf2 Bf7
21. Ne4 Bg6 22. Nc5 Qb6 23. Bxf4 Bxb1 24. Rxb1 g5 25. Be3 Qc7 26. Ne6 Qd6 27.
Nxd8 Rxd8 28. g3 Qd3 29. Bf5 Qd6 30. b4 h4 31. g4 Bd4 1/2-1/2

[Event "Mare di Fano op 2nd"]
[Site "Fano"]
[Date "2013.08.02"]
[Round "7"]
[White "Rago, Riccardo"]
[Black "Coppola, Federico"]
[Result "1-0"]
[WhiteElo "2084"]
[BlackElo "1957"]
[PlyCount "85"]
[EventDate "2013.07.29"]
[EventType "swiss"]
[EventRounds "9"]
[EventCountry "ITA"]
[SourceTitle "OM OTB B 201907"]
[Source "Opening Master"]
[SourceDate "2019.07.06"]
[SourceVersion "2"]
[SourceVersionDate "2019.07.06"]
[SourceQuality "1"]

1. e4 c5 2. Nf3 d6 3. d4 cxd4 4. Nxd4 Nf6 5. Nc3 Nc6 6. Be2 e5 7. Nb3 Be7 8.
Be3 Be6 9. O-O O-O 10. f3 a5 11. Nd5 a4 12. Nc1 Bxd5 13. exd5 Nb8 14. c4 Nbd7
15. Nd3 Ne8 16. b3 axb3 17. axb3 f5 18. Qc2 Nef6 19. f4 e4 20. Nb2 Qc7 21. Qd2
Rfc8 22. h3 Nc5 23. Qb4 Nfd7 24. Na4 Bf6 25. Ra2 Qa5 26. Qa3 Nxa4 27. bxa4 Nc5
28. Rb1 b6 29. Kh2 Qa7 30. Rb5 h6 31. Qb4 Bd8 32. g4 fxg4 33. Bxg4 Rcb8 34.
Bxc5 bxc5 35. Qe1 Bf6 36. Qxe4 Re8 37. Be6+ Kh8 38. Qg6 Bd4 39. a5 Rf8 40. Bf5
Kg8 41. Re2 Qc7 42. Qh7+ Kf7 43. Bg6+ 1-0